000 00637nam a22002057a 4500
999 _c157903
_d157903
005 20181008152544.0
008 181008b ||||| |||| 00| 0 eng d
010 _aENG-124213
020 _c1999.00
_a9789380200163
035 _aEN-107745
037 _bDBAD/PUB
040 _aDPL
_bEnglish
082 _a338.040954
245 _aThe best of forbes india /
250 _a1st anniversary ed.
260 _aNew Delhi
_bNetwork18 Publications
_c2010
270 _a507, Prabhat Kiran, 17, Rajendra Place,
_bNew Delhi
_e110 008
300 _avii,169p. :
_c25cm (Hb)
_bill.
942 _adpl
_cEN
_2ddc
_h338.040954
_mBES